000 01438cam a22003131a 4500
001 e 20000576
003 DLC
005 20260227111211.0
007 cr_|||||||||||
008 860419s1920 dcua f000 0 eng c
010 _ae 20000576
035 _a(OCoLC)13458457
040 _aU.S. Off. of Educ. Library
_cABAU
_dABAU
_dDLC
042 _apremarc
050 0 0 _aL111
_b.A6 1920, no. 9
051 _aLB2861
_b.C6
100 1 _aCook, Katherine Margaret (O'Brien)
_cMrs.
245 1 0 _aFeasibility of consolidating the schools of Mount Joy Township, Adams County, Pa. /
_cby Katherine M. Cook and W.S. Deffenbaugh.
260 _aWashington :
_bG.P.O.,
_c1920.
300 _a28 p. :
_bill., map ;
_c23 cm.
490 1 _aBulletin / Department of the Interior, Bureau of Education ;
_v1920, no. 9
501 _aCopy 1 of L111.A6 with: Problem of mathematics in secondary education / Commission on the Reorganization of Secondary Education. Washington : Govt. Print. Off., 1920. Bound together subsequent to publication.
_5DLC
530 _aAlso available in digital form on the Internet Archive Web site.
650 0 _aRural schools
_zPennsylvania
_zAdams County.
650 0 _aSchools
_xCentralization
_zPennsylvania
_zAdams County.
700 1 _aDeffenbaugh, W. S.
_q(Walter Sylvanus),
_d1872-
830 0 _aBulletin (United States. Bureau of Education) ;
_v1920, no. 9
856 4 1 _uhttp://hdl.loc.gov/loc.gdc/scd0001.00214905541
999 _c20405
_d20405